LEADER 00998nam0-2200337---450- 001 990009859980403321 005 20140519154645.0 010 $a978-1-4020-8481-2 035 $a000985998 035 $aFED01000985998 035 $a(Aleph)000985998FED01 035 $a000985998 100 $a20140519d2008----km-y0itay50------ba 101 0 $aeng 105 $aa-------001yy 200 1 $aAbsolute stability of nonlinear control systems$fX. Liao, P. Yu 205 $a2nd ed. 210 $aBerlin$cSpringer$d©2008 215 $a384 p.$cill.$d24 cm 225 1 $aMathematical modelling$etheory and applications$v25 610 0 $aTeoria del controllo non lineare 676 $a629.8'312 700 1$aLiao,$bXiao-xin$0522937 701 1$aYu,$bPei$0516847 801 0$aIT$bUNINA$gRICA$2UNIMARC 901 $aBK 912 $a990009859980403321 952 $a10 D III 741$bDIS 5204$fDINEL 959 $aDINEL 996 $aAbsolute stability of nonlinear control systems$9828435 997 $aUNINA LEADER 01106nam0-22003491i-450 001 990005681740403321 005 20170713114433.0 010 $a3-557-94180-9 035 $a000568174 035 $aFED01000568174 035 $a(Aleph)000568174FED01 035 $a000568174 100 $a19990530d1978----km-y0itay50------ba 101 0 $ager 102 $aDE 105 $ay-------001yy 200 1 $aChristliche theologie des Judentums$fvon Clemens Thoma$gmit einer Einführung von David Flusser 210 $aAschaffenburg$cPaul Pattloch$d1978 215 $a300 p.$d19 cm 225 1 $a<>Christ in der Welt$eEine Enzyklopädie$hVI Reihe$iDas Buch der Bucher$v4 a/b 610 0 $aCristianesimo e giudaismo 610 0 $aGiudaismo$aRapporti [con il] Cristianesimo 676 $a296.396$v22$zita 700 1$aThoma,$bClemens$0214390 702 1$aFlusser,$bDavid 801 0$aIT$bUNINA$gRICA$2UNIMARC 901 $aBK 912 $a990005681740403321 952 $a296.3 THO 1$bBIBL. 57986$fFLFBC 959 $aFLFBC 996 $aChristliche theologie des Judentums$9602395 997 $aUNINA LEADER 01793oam 2200493M 450 001 9910716319803321 005 20200213070629.6 035 $a(CKB)5470000002520940 035 $a(OCoLC)1066017079 035 $a(OCoLC)995470000002520940 035 $a(EXLCZ)995470000002520940 100 $a20071213d1926 ua 0 101 0 $aeng 135 $aurcn||||||||| 181 $ctxt$2rdacontent 182 $cc$2rdamedia 183 $acr$2rdacarrier 200 10$aBridge across the Tennessee River, between Humphreys and Benton Counties, Tenn. March 15, 1926. -- Ordered to be printed 210 1$a[Washington, D.C.] :$c[U.S. Government Printing Office],$d1926. 215 $a1 online resource (2 pages) 225 1 $aSenate report / 69th Congress, 1st session. Senate ;$vno. 380 225 1 $a[United States congressional serial set ] ;$v[serial no. 8524] 300 $aBatch processed record: Metadata reviewed, not verified. Some fields updated by batch processes. 300 $aFDLP item number not assigned. 606 $aBridge construction industry 606 $aBridges$xDesign and construction 606 $aBridges 606 $aLegislative amendments 608 $aLegislative materials.$2lcgft 615 0$aBridge construction industry. 615 0$aBridges$xDesign and construction. 615 0$aBridges. 615 0$aLegislative amendments. 701 $aBingham$b Hiram$f1875-1956$pRepublican (CT)$0463205 801 0$bWYU 801 1$bWYU 801 2$bOCLCO 801 2$bOCLCQ 801 2$bOCLCO 801 2$bOCLCQ 906 $aBOOK 912 $a9910716319803321 996 $aBridge across the Tennessee River, between Humphreys and Benton Counties, Tenn. March 15, 1926. -- Ordered to be printed$93460872 997 $aUNINA